| 000 | 00724nam a22001577a 4500 | ||
|---|---|---|---|
| 003 | OSt | ||
| 005 | 20151216141638.0 | ||
| 008 | 151216b xxu||||| |||| 00| 0 eng d | ||
| 040 | _cRUA | ||
| 082 | _aAED HOU 2005 B219 Or.1 | ||
| 100 |
_94918 _aHUOR, DETH. |
||
| 245 | _aThe study on extension and agricultural development in prey veng disatrict vey veng province, សិក្សាអំពីការផ្សាព្វផ្សាយនិងការអភិវឌ្ឍន៍កសិកម្មរបស់កម្មវិធីសិលានៅស្រុកព្រៃវែង ខេត្តព្រៃវែង | ||
| 260 |
_aPhnom Penh _bRUA _c2005 |
||
| 300 |
_aix; 50p. _bill. _c29cm. |
||
| 942 |
_2ddc _cAED |
||
| 999 |
_c4571 _d4571 |
||